| 000 | 00368nam a22001337a 4500 | ||
|---|---|---|---|
| 999 |
_c3458 _d3458 |
||
| 008 | 200616b ||||| |||| 00| 0 eng d | ||
| 082 | 0 | 0 |
_a620.106 _bK9637 |
| 100 |
_92843 _aKumar, D. S. |
||
| 245 | 1 | 0 |
_aFluid mechanics and fluid power engineering / _cby D. S Kumar |
| 260 |
_aLudhiana _bKatson _c[n.d.] |
||
| 300 | _avi, 848 p. | ||
| 650 | 0 | _aFluid Mechanics | |
| 942 | _cBK | ||